Geografski pojmovi u naslovima pesama - Statistics

General Stats
  • This quiz has been taken 219 times
  • The average score is 12 of 23
Answer Stats
Izvođač Pesma % Correct
Električni orgazam Igra rokenrol cela {Jugoslavija}
97%
Dino Merlin Moj je život {Švicarska}
90%
Plavi orkestar {Sava} tiho teče
89%
Dino Merlin {Bosnom} behar probeharao
87%
Dino Merlin Jel {Sarajevo} gdje je nekad bilo
78%
Bebi Dol B{razil}
77%
Riblja čorba A{msterdam}
71%
Bajaga i instruktori 442 do {Beograda}
70%
Galija K{otor}
69%
Lepa Brena Dama iz {Londona}
68%
YU grupa {Dunavom} šibaju vetrovi
66%
Zabranjeno pušenje {Zenica} blues
60%
Zdravko Čolić Hotel {Balkan}
58%
Bajaga i instruktori {Ruski} voz
51%
Zdravko Čolić Stanica {Podlugovi}
42%
Bajaga i instruktori B{erlin}
34%
Riblja čorba Zadnji voz za {Čačak}
33%
Dino Dvornik A{frika}
27%
Divlje jagode {Turski} marš
16%
Riblja čorba Zbogom {Srbijo}
16%
Galija S{kadarska}
14%
Neki to vole vruće K{alifornija}
13%
Poslednja igra leptira H{avajska}
3%
No matching quizzes found
Score Distribution
Percent of People with Each Score
Percentile by Number Answered
Your Score History
You have not taken this quiz